| 000 | 00374pab a2200145 454500 | ||
|---|---|---|---|
| 008 | 180718b xxu||||| |||| 00| 0 eng d | ||
| 100 | _aQuercia, Roberto G | ||
| 245 | _aHousing adjustments among older home owners | ||
| 650 | _a Shecter | ||
| 650 | _a Housing | ||
| 650 | _aHome Ownership | ||
| 700 | _aRohe, William M. | ||
| 773 | _aUrban Affairs Quarterly | ||
| 909 | _a23036 | ||
| 999 |
_c23036 _d23036 |
||